Intellectual property protection of traditional cultural expressions: folklore in China

Gardado en:
Detalles Bibliográficos
Autor Principal: Li, Luo (Author)
Formato: Libro
Idioma:inglés
Publicado: Heidelberg Springer 2014
Edición:1a. ed
Subjects:
Tags: Engadir etiqueta
Sen Etiquetas, Sexa o primeiro en etiquetar este rexistro!

MARC

LEADER 00000cam a2200000 a 4500
001 UCC5794
003 CL-VaPUC
008 181031e20140000gw |||||||||||||||||eng|d
020 |a 9783319379722 
082 0 4 |a 346.048  |b LI  |2 21 
100 0 |a Li, Luo  |e author  |9 600179 
245 1 0 |a Intellectual property protection of traditional cultural expressions: folklore in China 
250 |a 1a. ed 
300 |a 231 p 
942 |c BK 
945 |d 20181031 17:21:00  |a dcastane 
260 |a Heidelberg  |b Springer  |c 2014 
650 0 |a Propiedad intelectual  |9 256126 
650 0 |a Derecho y legislación   |9 255077 
650 0 |a Propiedad industrial  |9 255086 
650 7 |a PATENTES  |2 CL-VaPUC  |9 259099 
583 |a last modification  |c 20181031 17:21:00  |k Rodrigo Vera 
999 |c 372908  |d 372906 
952 |0 0  |1 0  |3 erb  |4 0  |6 346_048000000000000_LI_2014  |7 0  |8 A  |9 490790  |a BIBDER  |b BIBDER  |i 5510678  |o 346.048 LI 2014  |p 5510678  |r 2023-01-25  |w 2019-11-24  |y BK  |z Catalogado en:20181031  |k DER